000 00441nab a2200145Ia 4500
003 ES-SlBCS
005 20210601124306.0
008 140529s1977 xxu||||| |||| 00| 0 eng d
041 _aeng
100 1 _aAnderson, Terryl Joan
_9139275
245 0 0 _aEducation and the Activities of Prizing
_c Terryl Joan Anderson
650 0 4 _aEducación
_986687
773 0 _tEducational Theory
_gvol. 27, nº. 4, 1977, págs. 283-290
_wRev1399
942 _cAR
999 _c512430
_d512430